大学群から大学名 - Statistics

General Stats
  • This quiz has been taken 331 times
    329 since last reset
  • The average score is 121 of 215
Answer Stats
Hint Answer % Correct
東京大学
99%
京都大学
97%
旧帝一科 北海道大学
95%
名古屋大学
95%
東北大学
94%
大阪大学
94%
九州大学
94%
旧二文理大 | 筑横千 筑波大学
88%
旧六医大 千葉大学
88%
旧三商大 | 旧官立大 一橋大学
87%
神戸大学
86%
早慶上理ICU | 東京六大学 早稲田大学
86%
広島大学
85%
金沢大学
84%
岡山大学
83%
上智大学
83%
東京理科大学
83%
明治大学
83%
青山学院大学
83%
中央大学
83%
法政大学
83%
日東駒専 日本大学
83%
慶應義塾大学
82%
立教大学
82%
駒澤大学
81%
専修大学
81%
横浜国立大学
80%
亜細亜大学
80%
東京科学大学
79%
千葉大学
79%
GMARCH 学習院大学
79%
東洋大学
79%
帝京大学
79%
琉球大学
76%
明治学院大学
76%
拓玉産大 拓殖大学
76%
広島大学
75%
関関同立 関西大学
75%
同志社大学
75%
立命館大学
75%
金岡千広 金沢大学
73%
岡山大学
73%
関西学院大学
73%
富長愛香 富山大学
72%
獨協大学
72%
大東亜帝国 大東文化大学
72%
東京大学
72%
長崎大学
71%
電農名繊 電気通信大学
71%
秋田大学
71%
近畿大学
71%
香川大学
70%
国際基督教大学
70%
龍谷大学
70%
新潟大学
69%
成成明学獨國武 成蹊大学
69%
成城大学
69%
武蔵大学
69%
信州大学
68%
國學院大學
68%
国士舘大学
68%
愛媛大学
67%
東京農工大学
66%
東海大学
66%
お茶の水女子大学
65%
名古屋工業大学
65%
玉川大学
65%
京都工芸繊維大学
63%
産近甲龍 京都産業大学
63%
一橋大学
62%
関東中流 関東学院大学
62%
甲南大学
62%
信州大学
61%
長崎大学
61%
熊本大学
60%
5S 埼玉大学
60%
江戸川大学
60%
室蘭工業大学
59%
桜美林大学
58%
摂神追桃 摂南大学
58%
鳥取大学
57%
神戸大学
57%
四工大 芝浦工業大学
56%
桃山学院大学
56%
滋賀大学
55%
STARS 佐賀大学
55%
島根大学
55%
愛愛名中 愛知大学
55%
静岡大学
54%
TOCKY 筑波大学
53%
文東立松 文教大学
53%
武蔵野大学
53%
北北秋琉室 北見工業大学
52%
流通経済大学
52%
佛教大学
52%
中京大学
52%
神戸学院大学
51%
鹿児島大学
50%
上武大学
49%
福岡大学
49%
新潟大学
48%
鳥取大学
48%
東京女子大学
47%
工学院大学
46%
立正大学
46%
神立東玉文武 神奈川大学
46%
追手門学院大学
46%
徳島大学
45%
弘前大学
43%
群馬大学
43%
日本女子大学
43%
愛知学院大学
43%
西福修松 西南学院大学
43%
フェリス女学院大学
42%
多摩美術大学
42%
名城大学
42%
東京電機大学
40%
大阪公立大学
39%
女子大御三家(関東) 津田塾大学
39%
大阪経済大学
39%
東京五美大 武蔵野美術大学
38%
大阪工業大学
38%
南山大学
38%
北海学園大学
38%
北海道教育大学
36%
東京経済大学
35%
産業能率大学
35%
目白大学
35%
白百合女子大学
34%
東京都市大学
33%
明明大工目 明星大学
33%
二松学舎大学
32%
外外経工佛 京都外国語大学
32%
関西外国語大学
31%
産商電大 大阪産業大学
31%
関東上流江戸桜 関東学園大学
29%
和光大学
28%
大阪商業大学
28%
中央学院大学
27%
日本医科大学
27%
大阪電気通信大学
27%
兵庫大学
25%
名名中日 名古屋学院大学
25%
聖清白フ 聖心女子大学
24%
女子大御三家(関西) 京都女子大学
24%
神戸女学院大学
24%
東西南北 東北学院大学
24%
大正大学
23%
中部大学
21%
同志社女子大学
21%
明海大学
20%
清泉女子大学
20%
東京慈恵会医科大学
20%
松山大学
18%
東京国際大学
17%
広島修道大学
14%
北星学園大学
13%
平成国際大学
12%
東京工芸大学
11%
姫路獨協大学
11%
流通科学大学
10%
日本福祉大学
9%
金城学院大学
8%
東京造形大学
7%
女子美術大学
7%
名古屋学芸大学
7%
SSK 椙山女学園大学
7%
大谷大学
6%
愛知淑徳大学
6%
TKB 京都橘大学
3%
神姫流兵 神戸国際大学
3%
畿央大学
2%
No matching quizzes found
Score Distribution
Percent of People with Each Score
Percentile by Number Answered
Your Score History
You have not taken this quiz since the last reset